مكتبة جامعة عجلون الوطنية

فهرس بحث المكتبة

Normal view MARC view
  • اللغة العربية-النحو-الاملاء-قواعد-اللفة العربية للناشئين

Entry Topical Term

Number of records used in: 1

001 - CONTROL NUMBER

  • control field: 24592

003 - CONTROL NUMBER IDENTIFIER

  • control field: JO-AjAnu

005 - DATE AND TIME OF LATEST TRANSACTION

  • control field: 20230606074219.0

008 - FIXED-LENGTH DATA ELEMENTS

  • fixed length control field: 230606|| aca||aabn | a|a d

040 ## - CATALOGING SOURCE

  • Original cataloging agency: JO-AjAnu
  • Transcribing agency: JO-AjAnu

150 ## - HEADING--TOPICAL TERM

  • Topical term or geographic name entry element: اللغة العربية-النحو-الاملاء-قواعد-اللفة العربية للناشئين

670 ## - SOURCE DATA FOUND

  • Source citation: Work cat.: (JO-AjAnu)12647: تاليف صيني،محموداسماعيل؛ م.مشارك :ناصف مصطفى عبد العزيز؛مختار الطاهر حسين, author 24591, العربية للناشئين منهج متكامل لغير الناطقين بالعربية